00669nam a2200169Ia 4500008004100000020001500041041000800056082001700064100002100081245018500102250000600287260002900293300001200322650002000334999001900354952012600373210716s2006 xx 000 0 und d a0749445661 aeng a658.802 LEHJ aLehu, Jean-Marc. aBrand rejuvenation: how to protect strengthen and add value to your brand to prvent it from ageing.bHow to protect strengthen and add value to your brand to prvent it from ageing. a1 aLondonbKogan Pagec2006 axii,252 aRural Marketing c201710d201710 001040708MBAaAIMITbAIMITd2007-01-11g395.00l0o658.802 LEHJpMBA04276r2026-05-23 00:00:00v316.00w2021-07-16yBK